000 00655nam a22002537a 4500
003 UA-OsUOA
001 31552
007 ta
008 20041224b un ||||| |||| 00| 0 ukr d
100 _aГиро П.
090 _a94(38)
_bГ51
942 _cBK
040 _aUA-OsUOA
_brus
_cUA-OsUOA
_dUA-OsUOA
245 _aЧастная и общественная жизнь греков
300 _a468 с.
955 _a1
041 _arus
080 _a94(38)
020 _a5-88756-001-05
260 _aСПб
_bАлетейя
_c1995
044 _aRU
650 7 _a9 Географія. Біографії. Історія
_2UDC
999 _c317980
_d317980